Multicultural learning and teaching

Explores the education of people from diverse multicultural backgrounds in a variety of learning environments, inside and outside the classroom. The journal focuses on the broad implications of multicultural learning and teaching practices around the world, going beyond traditional education journal...

Descripción completa

Detalles Bibliográficos
Formato: Electrónico Revista
Lenguaje:inglés
Publicado: Berkeley, CA : Berkeley Electronic Press
Materias:
Acceso en línea:Full text available from Research Library: 01/01/2013 to 6 months ago

MARC

LEADER 00000nas a2200000 a 4500
001 ssj0000562776
003 WaSeSS
005 20200512172242.0
006 m d
007 cr n
008 110503c20069999caufr p s | a0eng
010 |a  2011200203 
016 7 |a 2629317-1  |2 DE-600 
016 7 |a 101542290X  |2 de-101 
016 7 |a 26293171  |2 de-600 
016 7 |a 2629317-1 
016 7 |a EM502629317 
022 |a 2161-2412 
035 |a (WaSeSS)ssj0000562776 
037 |b Berkeley Electronic Press, 2809 Telwgraph Ave. Ste. 202, Berkeley, CA 94705 
040 |a DLC  |b eng  |c DLC  |d HEBIS  |d OCLCQ  |d OCLCF  |d OCLCQ  |d STF  |d DLC  |d AU@  |d DKU  |d SUNDV  |d UAB  |d VT2  |d WaSeSS 
042 |a nsdp  |a pcc 
050 0 0 |a LC1099 
082 1 0 |a 370.117  |2 14 
222 0 |a Multicultural learning and teaching 
245 0 0 |a Multicultural learning and teaching  |h [electronic resource]. 
260 |a Berkeley, CA :  |b Berkeley Electronic Press 
310 |a Semiannual 
362 1 |a Began with: Vol. 1, issue 1 (2006). 
506 |a License restrictions may limit access. 
520 |a Explores the education of people from diverse multicultural backgrounds in a variety of learning environments, inside and outside the classroom. The journal focuses on the broad implications of multicultural learning and teaching practices around the world, going beyond traditional education journals to offer analysis and practical recommendations of interest to teachers, counseling and community-service providers, school administrators, urban program specialists, education policymakers, and any professionals who grapple with questions of multicultural communication. 
588 |a Description based on: Vol. 1, issue 1 (2006); title from banner (Berkeley Electronc Press website, viewed May 3, 2011). 
588 |a Latest issue consulted: Vol. 5, issue 2 (2010) (Berkeley Electronc Press website, viewed May 3, 2011). 
650 0 |a Multicultural education  |x Study and teaching  |v Periodicals. 
650 7 |a Multicultural education  |x Study and teaching.  |2 fast  |0 (OCoLC)fst01028831 
655 0 |a Electronic journals. 
776 0 8 |i Print version:  |t Multicultural learning and teaching  |x 2194-654X 
850 |a DLC 
856 4 0 |z Full text available from Research Library: 01/01/2013 to 6 months ago  |u https://search.proquest.com/publication/2031321